Normal view
MARC view
- Syed Minu Chahhar
Entry Personal Name
001 - CONTROL NUMBER
- control field: 24116
003 - CONTROL NUMBER IDENTIFIER
- control field: NUST
005 - DATE AND TIME OF LATEST TRANSACTION
- control field: 20191016120320.0
008 - FIXED-LENGTH DATA ELEMENTS
- fixed length control field: 191016|| aca||aabn | a|a d
040 ## - CATALOGING SOURCE
- Original cataloging agency: NUST
- Transcribing agency: NUST
100 ## - HEADING--PERSONAL NAME
- Personal name: Syed Minu Chahhar
670 ## - SOURCE DATA FOUND
- Source citation: Work cat.: (NUST): Syed Minu Chahhar, Karwan e Guzran / کاروانِ گزراں, 2011
